Normal view
MARC view
- Istilahat e Quran
Entry Topical Term
001 - CONTROL NUMBER
- control field: 126291
003 - CONTROL NUMBER IDENTIFIER
- control field: NUST
005 - DATE AND TIME OF LATEST TRANSACTION
- control field: 20241008102511.0
008 - FIXED-LENGTH DATA ELEMENTS
- fixed length control field: 241008|| aca||aabn | a|a d
040 ## - CATALOGING SOURCE
- Original cataloging agency: NUST
- Transcribing agency: NUST
150 ## - HEADING--TOPICAL TERM
- Topical term or geographic name entry element: Istilahat e Quran
670 ## - SOURCE DATA FOUND
- Source citation: Work cat.: (NUST): Khuwaja Muhammed Aslam 126290, Istilahat e Quran , 1998.
